[Sociálna politika]
Recenzia na publikáciu Sociálna politika. Monografia je rozdelená do dvoch častí a dvadsiatich kapitol, ktoré zachytávajú oblasť sociálnej politiky a jej čiastkových okruhov.
Guardado en:
| Autor principal: | |
|---|---|
| Formato: | Capítulo de libro |
| Lenguaje: | eslovaco |
| Materias: | |
| Etiquetas: |
Sin Etiquetas, Sea el primero en etiquetar este registro!
|
MARC
| LEADER | 00000naa$a2200000$$$4500 | ||
|---|---|---|---|
| 001 | 0060228 | ||
| 005 | 20240502071650.7 | ||
| 041 | 0 | |a slo | |
| 044 | |a SK | ||
| 245 | 1 | 0 | |a [Sociálna politika] |c Miriam Koóšová |
| 520 | |a Recenzia na publikáciu Sociálna politika. Monografia je rozdelená do dvoch častí a dvadsiatich kapitol, ktoré zachytávajú oblasť sociálnej politiky a jej čiastkových okruhov. | ||
| 610 | 2 | 0 | |a recenzie |
| 610 | 2 | 0 | |a Slovensko |
| 610 | 2 | 0 | |a Európska únia |
| 610 | 2 | 0 | |a transformácia |
| 610 | 2 | 0 | |a politika zamestnanosti |
| 610 | 2 | 0 | |a vzdelávanie |
| 610 | 2 | 0 | |a politika sociálna |
| 100 | 1 | |a Koóšová, Miriam | |